000 00608nam a2200229Ia 4500
003 OSt
005 20221007082028.0
006 a|||||r|||| 00| 0
007 ta
008 221006b |||||||| |||| 00| 0 eng d
024 _a24,435
037 _cTextual
040 _aFLL
_cFLL
_beng
041 _2eng
_aeng
082 _aZ3:2673, H7
100 _aGox Harold G.
_9698543
245 0 _aMonopolies and patents
260 _aTronoto
_bThe University of Tronoto Press UK
_c1947
300 _axxv,388p
_ccm.
942 _hZ3:2673, H7
_cTEXL
_2CC
999 _c1165094
_d1165094